| 000 | 00402pab a2200157 454500 | ||
|---|---|---|---|
| 008 | 180718b1997 xxu||||| |||| 00| 0 eng d | ||
| 100 | _aNavlakha, Gautam | ||
| 245 | _aInternal militarisation: blood on the tracks | ||
| 260 | _c1997 | ||
| 300 | _ap.299-306 | ||
| 362 | _a8 Feb | ||
| 650 | _aCivil disturbances | ||
| 650 | _aArmed forces | ||
| 773 | _aEconomic and Political Weekly | ||
| 909 | _a33417 | ||
| 999 |
_c33417 _d33417 |
||